Statistiken für Vornamen aus der Fußball-Bundesliga 1995/96

Klicken Sie hier um das Quiz zu spielen!

Allgemein

  • Dieses Quiz wurde 140 mal gespielt
  • Das Durchschnittsergebnis liegt bei 10 aus 18

Antwortstatistiken

NachnameVereinVorname% Korrekt
FreundBorussia DortmundSteffen
87%
Heldt1860 MünchenHorst
79%
HollerbachHamburger SVBernd
71%
RamelowBayer LeverkusenCarsten
69%
MillFortuna DüsseldorfFrank
69%
EiltsWerder BremenDieter
67%
DundeeKarlsruher SCSean
63%
KampsBorussia MönchengladbachUwe
63%
MeijerKFC UerdingenErik
61%
BalakovVfB StuttgartKrassimir
60%
Marschall1. FC KaiserslauternOlaf
60%
EigenrauchSchalke 04Yves
60%
SforzaBayern MünchenCiriaco
52%
Oliseh1. FC KölnSunday
49%
SobotzikFC St. PauliThomas
44%
BräutigamHansa RostockPerry
40%
DickhautEintracht FrankfurtMirko
35%
SundermannSC FreiburgAxel
15%

Verteilung der Resultate

Perzentil nach korrekt beantworteten Fragen

Anzahl Personen mit jedem Resultat

Ihre Resultats-Entwicklung

Sie haben dieses Quiz noch nicht gespielt